Les meilleurs buteurs de l'histoire du SC Bastia - Statistiques

Statistiques générales
  • Ce quiz a été pris 70 fois
  • Le résultat moyen est 3 sur 10
Statistiques - réponses
Buts Nationalité Joueur % Correct
129 France Claude Papi
96%
51 Cameroun Roger Milla
43%
102 France Pierre-Yves André
36%
79 France François Félix
21%
55 Monténégro Anto Drobnjak
19%
54 France Frédéric Née
19%
57 France Jacques Zimako
13%
48 France Louis Marcialis
4%
42 France Jean-Pierre Serra
2%
57 France Marc Kanyan Case
2%
Aucun quiz correspondant
Distribution des résultats
% des personnes avec chaque résultat
Percentile par nombre de réponses
Votre historique - résultats
Vous n’avez pas pris ce quiz